| 000 | 00820nam a2200253 a 4500 | ||
|---|---|---|---|
| 999 |
_c2170 _d2170 |
||
| 008 | 200217s2019 ii a|||| m|||a00| 0 eng d | ||
| 040 |
_aKO _beng |
||
| 041 | 0 | _aeng | |
| 044 | _aii | ||
| 082 | 0 | 4 |
_223 _a378.242 _bPRM1705 |
| 100 | 1 |
_aKumar, Arjun P _eResearcher |
|
| 245 | 1 | 0 |
_aReefer Shipment In Kerala: Cochin Port Perspective / _cArjun P Kumar ; Guide Dr. Yogamala H L |
| 260 |
_aKochi : _bIndian Maritime University, _c2019 |
||
| 300 |
_a34 p. : _bill. ; _c29 cm. |
||
| 490 | 0 |
_aMBA Project 2017-19 ; _v1705305005 |
|
| 502 | _aProject (MBA)–Indian Maritime University. School of Maritime Management, 2019. | ||
| 650 | 0 | _aShipment of goods | |
| 650 | 0 | _aHarbors | |
| 655 | 7 |
_2lcsh _aDissertations, Academic _y2019 |
|
| 700 | 1 |
_a H L, Yogamala _cDr. _eGuide |
|
| 904 | _aReshma_R | ||
| 942 | _cTH | ||